Quizzes
Events
Quiz Creation
Community
Videos
Private Events
Remove Ads
Sign In
Join for FREE
Feedback
Dark Mode
Quiz Categories
Sports
Geography
Music
Movies
Television
Just For Fun
Miscellaneous
History
Literature
Language
Science
Gaming
Entertainment
Religion
Holiday
For Kids
Quiz Lab
Recent
Popular Today
Quiz Kudos Today
Editor Picks
Curator Picks
Quizzes by...
Day
Popularity
Type
Ratings
Length
Year
Community
Subscriptions
Recent Discussions
Orange Saloon
Badges
Playlists
Quests
Create
Leaderboards
Showdown
Live 5
Trivia Bingo
Activity
Puzzle Library
Sporcle Events
Private Events
Virtual Trivia
Globe League
Become a Host
Pub Owners
SporcleCon
Opinionation
Our Games
Videos
Blog
Mobile Apps
Partnerships
Remove Ads and Go Orange
Feedback
Music
Pop Music
The Beatles
Song
Album
Lyrics
Bands
Singers
Artist
Clip
Rock
Rap
Classical
Billboard
Country Music
Kpop
Taylor Swift
Music
Pop Music
The Beatles
Song
Album
Lyrics
Bands
Singers
Artist
Clip
Rock
Rap
Classical
Billboard
Country Music
Kpop
Taylor Swift
Random Quiz
Search Sporcle
×
Curator Pick
Curator Pick
Music
Album
Select answers by clicking on text or image buttons
Select answers by clicking on text or image buttons
Clickable
Best Score? Go Orange.
Guess the Genre by Albums Stats
Can you guess the genre by its top 3 rated albums on rateyourmusic.com?
By
MaxxS
20m
80 Questions
755 Plays
755 Plays
755 Plays
Comments
Comments
Give Quiz Kudos
Give Quiz Kudos
-
- Ratings
hide this ad
More Info
Forced Order
Answers have to be entered in order
Answers have to be entered in order
Replay
Link that replays current quiz
Next Quiz
Link to next quiz in quiz playlist
You Got
0%
They Got
Avg Score
40%
Avg Friend Score
Upgrade to see
Score Distribution
Jump to the score distribution portion of the page
Score
0/80
Timer
20:00
0
Plays Today
% Correct
Grunge
70.1%
Reggae
68.2%
Folk Rock
59.3%
Psychedelic Rock
58.9%
Britpop
58.5%
Funk
57.4%
Video Game Music
56.8%
Heavy Metal
55.8%
Hard Rock
55.5%
Shoegaze
54.7%
Indie Rock
53.8%
Death Metal
51.9%
Glam Metal
51.9%
Thrash Metal
50.3%
Free Jazz
49.5%
Post-Punk
48.3%
R&B
48.1%
Art Rock
47.9%
Musical Parody
47.9%
Post-Rock
47.3%
Krautrock
47.2%
Proto-Punk
46.8%
Spoken Word
46.5%
Western Classical Music
45.8%
New Wave
45.6%
Psychedelic Pop
45.3%
Avant-Garde Jazz
45.2%
Industrial Rock
44.5%
K-Pop
44.4%
Stoner Metal
44.1%
Black Metal
43.8%
Jazz-Rock
43.7%
Art Pop
43.6%
Dance-Pop
43.6%
Outlaw Country
43.4%
Progressive Metal
43.4%
Hardcore Punk
43.3%
J-Pop
43%
Arabic Classical Music
42.9%
Gothic Rock
42.9%
% Correct
New Wave of British Heavy Metal
42.8%
Experimental Hip Hop
41.7%
Surf Rock
39.6%
Noise Rock
39.5%
Synth Pop
38.9%
Dream Pop
38.3%
Indie Pop
38.1%
Field Recordings
37.6%
Dance-Punk
37.1%
Swing
37.1%
Math Rock
36.4%
Jangle Pop
36.2%
Contemporary Folk
36%
Power Metal
35.6%
Experimental Rock
35.1%
Industrial Hip-Hop
35.1%
Groove Metal
35%
Pop Punk
34.6%
IDM
33.5%
Industrial
33.5%
Dubstep
32.7%
Flamenco
32.6%
Honky Tonk
32.5%
Ambient
31.7%
Neo-Psychedelia
31.7%
Minimalism
30.5%
Drone
30.3%
Freak Folk
30.3%
Avant-Garde Metal
29.3%
A Capella
29.1%
Noise Pop
27.3%
Alternative Dance
26.9%
Romanticism
26.6%
Musique Concrète
26%
Soca
22.9%
Sound Collage
22.6%
Dub
21.3%
Folktronica
18.7%
Techno
17.9%
Dancehall
16.2%
Quiz Playlist
Details
Report
Send in Message
Add To Playlist
More Info:
Albums are tagged with multiple genres on RYM, therefore many albums will appear in mulptiple hints, but no genre here has the same top 3 albums.
Clickable:
Select answers by clicking on text or image buttons
Forced Order:
Answers have to be entered in order
Quiz Source
Last Updated: Mar 18, 2017
Curator Pick in
Album
Quiz Scoreboard
CHALLENGE
Sign Up to Join the Scoreboard
Show All
Scores
Hide
Comments
May contain spoilers
Recently Published
NBA Finals Game Top Scorers (2010s)
by flibbidy
Sports
5m
Guess the 'R' Things in 3 Words
by MSUKent
Miscellaneous
3m
Actor to Badly Drawn Movie III
by MoMosMoProblems
Movies
5m
More to Explore
Quiz From the Vault
Featured Blog Post
Where Does Lost Luggage Go?
hide this ad
You Might Also Like...
Tags
Album Quiz
Artist Quiz
Bands Quiz
Clickable Quiz
Rock Quiz
Band Name
genre
studio
Studio Albums
Top 3
Today's Top Quizzes in Music
Browse Music
hide this ad
Today's Top Quizzes in Album
Browse Album
Top Contributed Quizzes in Music
1
Taylor Swift All Songs (2024)
2
Image Sorting: Rock Albums II
3
Image Sorting: Rock Albums III
4
Image Sorting: Rock Albums IV
5
Image Sorting: Rock Albums V
6
Image Sorting: Rock Albums VI
7
Taylor Swift Logic Puzzle
8
Adjectives in 80s Songs
9
Image Sorting: Album Titles
10
Nickname Match: Musicians
Explore More
Trending Topics
Harry Potter
Kpop
Disney
NBA
Crossword
Marvel
Anime
The Office
WWE
NFL
Soccer
Puzzle
Song
Country
Pokémon
hide this ad
More By:
MaxxS
Quiz
Plays
Rating
Category
Featured
Created
Guess the Genre by Albums
755
4.78
Music
Sep 29, 2013
Beatles Songs With Sound Effects
80
Music
Dec 17, 2018
Go to Creator's Profile
Score Distribution
Quiz Creator Spotlight
MaxxS
Follow
Send a Message
Quizzes Created
-
Created Quiz Play Count
-
More By This Creator
Popular Quizzes Today
1
Find the US States - No Outlines Minefield
2
Find the US States
3
The Countries of the World
4
10 Largest US States in Order
5
Find the Countries of Europe - No Outlines Minefield
6
US States
7
Guess the 'R' Things in 3 Words
8
NBA Finals Game Top Scorers (2010s)
More Music Quizzes
Clips: Song titles and their plurals (Set 1)
Curator's Pick
Trending Quizzes
First Name TV: Leading Men
Match the Book to the Film II
First Name TV: Leading Women Drama
Pick A Pair: Religious TV
Match the Book to the Film VI
Recently Updated
Women's Final Four Teams by Year
bhenderson79
Presidents Quartet II
eogle
Anything But Clue(do)
eogle
Anything But Oceanian Capitals
eogle
Anything But 7
eogle
Anything But Thing
eogle
Word Ladder: February 29
pecheneg
Song Title Questions
pecheneg
Women's NCAA Tournament #1 Seeds
pecheneg
Celebrity Mug Shots
pecheneg
Trending Topics
Kpop
Anime
Crossword
Disney
Marvel
NBA
Harry Potter
The Office
WWE
Soccer
NFL
Puzzle
Song
Country
Pokémon
Your Account Isn't Verified!
In order to create a playlist on Sporcle, you need to verify the email address you used during registration. Go to your
Sporcle Settings
to finish the process.
Report this User
Report this user for behavior that violates our
Community Guidelines
.
Details:
Send Report
Go to the Sporcle.com Mobile Site →
Comments